1117 1826 1036 1884 1410 1272 1359 1615 1470 1096 1708 1374 1249 1133 1092 1437 1460 1209 1244 1924 1690 1735 1081 1835 1192 1891 1717 1672 1888 1695 1102 1190 1395 1058 1492 1293 1178 1231 1378 1812 1998 1471 1968 1682 1948 1836 1509 1613 1425 1543 1654 1098 1865 1091 1397 1814 1605 1109 1428 1428 1168 1426 1289 1581 1711 1632 1961 1195 1060 1067 1189 1852 1166 1367 1753 1971 1058 1598 1435 1062 1302 1510 1424 1087 1993 1942 1036 1978 1755 1798 1139 1428 1164 1546 1204 1746 1301 1768 1962 BCNSPRNW ULIB Ver.6.0+V

เปลี่ยนเป็นภาษาไทย

Change to English
 แสดงรายละเอียดบรรณานุกรม
  กลับหน้าหลัก

Brief Record : Get Marc (ISO 2709) : E-mail record : QR code < ปิดหน้าต่าง
LEADER : 00000nam 2200000uu 4500
001    13399124504
003     ULIB
008    150817s2556 th a 000 0 tha d
020    9789749804295
020    9789749804292
090    นว.^bล158บ ล.4
100    ล่อร่า อิงกัลล์ส์ ไวล์เดอร์;^eผู้แต่ง
245    บ้านเล็กริมห้วย/^cล่อร่า อิงกัลล์ส์ ไวล์เดอร์. ; เขียน ,สุคนธรส. ; แปล
250    พิมพ์ครั้งที่9
260    กรุงเทพฯ :^bแพรวเยาวชน,^c2556
300    285 หน้า;^b18.5 ซม.
500    หนังสือชุดบ้านเล็ก
700    สุคนธรส ;^eแปล
945    ^p195^l0^i039775
999    ^aทศพร
รายการนี้ยังไม่มีแท็ก
คุณยังไม่ได้ล็อกอิน คุณสามารถมีกิจกรรมร่วมกับเว็บไซต์ได้ แต่ต้องล็อกอินก่อน ::
  ล็อกอิน

รายการสื่อสารสนเทศ

ลำดับที่ ประเภท เลขเรียก/บาร์โค้ด สถานที่ สถานะ
1. นวนิยาย
นวนิยาย
นว. ล158บ ล.4 ฉ.1 
  Barcode: 039775
ห้องสมุดวิทยาเขตสวรรค์ประชารักษ์
►นวนิยาย
บนชั้น
  ขอยืม

BibComment


ยังไม่เคยถูกคอมเมนท์

คอมเมนท์ทรัพยากรรายการนี้
  คอมเมนท์: บ้านเล็กริมห้วย ล..


 Copyright 2026. Bcnsprnw @Library